500k+ Subdivisions of Oceania on a Map - Statistics

General Stats
  • This quiz has been taken 88 times
    37 since last reset
  • The average score is 14 of 20
Answers on the Map
Answers color-coded by a green-red scale on the quiz's map according to % correct below.
 
Answer Stats
Country Type Subdivision % Correct
New Zealand 2022 E Region Auckland
100%
Australia 2024 E State New South Wales
100%
Australia 2024 E State Queensland
100%
Australia 2024 E State South Australia
100%
Australia 2024 E State Tasmania
100%
Australia 2024 E State Western Australia
100%
Australia 2024 E State Victoria
97%
New Zealand 2022 E Region Greater Wellington
87%
United States 2020 C State Hawaii
77%
Indonesia 2024 E Province Papua
74%
Indonesia 2024 E Province South Papua
74%
Indonesia 2024 E Province Central Papua
71%
Indonesia 2024 E Province West Papua
71%
Indonesia 2024 E Province Highland Papua
48%
Indonesia 2024 E Province Southwest Papua
48%
New Zealand 2022 E Region Canterbury
45%
Papua New Guinea 2011 C Province Eastern Highlands
32%
Papua New Guinea 2011 C Province Morobe
29%
New Zealand 2022 E Region Waikato
29%
Papua New Guinea 2011 C Province Southern Highlands
26%
No matching quizzes found
Score Distribution
Percent of People with Each Score
Percentile by Number Answered
Your Score History
You have not taken this quiz since the last reset